000 00647nam a22002417a 4500
003 OSt
005 20170215142700.0
008 150527b xxu||||| |||| 00| 0 eng d
020 _a075140134x
040 _cDNLM
082 _a620.1 COW 1991
100 _aCowie J. M. G.
_94978
245 _aPolymers: Chemistry & Physics of Modern Materials
250 _a2nd ed.
260 _aLondon:
_bBlackie Academic & Professinal;
_c1991.
300 _aix, 436 p :
_bill;
_c27 cm
504 _aIncludes index
650 _aPolymers
_9806
650 _aChemistry
_9797
650 _aPhysics
_9809
856 _uhttp:/www.thomson.com
942 _2z
_cSLOAN
999 _c1894
_d1894